Children's object story-sermons. (Record no. 9935)

000 -LEADER
fixed length control field 00583nam a2200193 a 4500
001 - CONTROL NUMBER
control field :::00007720$&:&@@
003 - CONTROL NUMBER IDENTIFIER
control field OkBaRHE
005 - DATE AND TIME OF LATEST TRANSACTION
control field 20000607103339.0
008 - FIXED-LENGTH DATA ELEMENTS--GENERAL INFORMATION
fixed length control field s1916 j 000 0 eng u
040 ## - CATALOGING SOURCE
Transcribing agency
100 1# - MAIN ENTRY--PERSONAL NAME
Personal name Barnes, Otis Tiffany.
245 10 - TITLE STATEMENT
Title Children's object story-sermons.
260 ## - PUBLICATION, DISTRIBUTION, ETC. (IMPRINT)
Place of publication, distribution, etc New York, NY., :
Name of publisher, distributor, etc Fleming H. Revell Co.
Date of publication, distribution, etc c1916
300 ## - PHYSICAL DESCRIPTION
Extent 159 p. ;
Dimensions 19 cm.
650 ## - SUBJECT ADDED ENTRY--TOPICAL TERM
Topical term or geographic name as entry element Children's Sermons
650 ## - SUBJECT ADDED ENTRY--TOPICAL TERM
Topical term or geographic name as entry element Object-teaching
942 ## - ADDED ENTRY ELEMENTS (KOHA)
Source of classification or shelving scheme
Koha item type Books
Copies
Koha item type Not for loan Shelving location Full call number Permanent Location Withdrawn status Price effective from Date acquired Date last seen Lost status Damaged status Copy number Barcode Source of classification or shelving scheme
Books General StacksBV 1535 .B234RHEMA Bible Training College 2010-04-142010-04-142010-04-14  17720